[Event "Stuttgart-chB int"]
[Site "Ditzingen"]
[Date "2016.05.05"]
[Round "2"]
[White "Klueppel, Werner"]
[Black "Awiszus, Thomas"]
[Result "0-1"]
[WhiteElo "1392"]
[BlackElo "1611"]
[PlyCount "94"]
[EventDate "2016.05.05"]
[EventType "swiss"]
[EventRounds "7"]
[EventCountry "GER"]
[SourceTitle "EXT 2018"]
[Source "ChessBase"]
[SourceDate "2017.10.13"]
[SourceVersion "1"]
[SourceVersionDate "2017.10.13"]
[SourceQuality "1"]

1. e4 e6 2. Nf3 c5 3. Nc3 Nc6 4. d4 cxd4 5. Nxd4 a6 6. Nf3 Qc7 7. Bd3 Be7 8. 0-0 d6 9. Re1 Nf6 10. a3 0-0 11. Ne2 b5 12. b4 Bb7 13. Bb2 Rfd8 14. Ng3 Rac8 15. Rc1 Qb6 16. Qe2 Qc7 17. e5 dxe5 18. Nxe5 Nxe5 19. Bxe5 Qc6 20. Be4 Nxe4 21. Qxe4 Qxe4 22. Nxe4 Rc4 23. Ng3 Rdc8 24. Re2 Bd5 25. Bb2 Bg5 26. Rd1 Rxc2 27. Rxc2 Rxc2 28. Bd4 Rc1 29. Rxc1 Bxc1 30. Bc3 Bxa3 31. Ne2 f6 32. Nd4 Kf7 33. Nc2 Bc1 34. Kf1 e5 35. g3 Ke6 36. Ke1 g6 37. Kd1 Bh6 38. Ke2 f5 39. Ne1 e4 40. Nc2 Bc4+ 41. Ke1 Kd5 42. Na3 Bd3 43. Bd2 Bg7 44. Kd1 Bb2 45. Nc2 Bxc2+ 46. Kxc2 Bd4 47. Be1 Kc4 0-1